| 000 | 01072nam a22003015i 4500 | ||
|---|---|---|---|
| 003 | EG-ScBUE | ||
| 005 | 20221124103949.0 | ||
| 008 | 110616s2003 ua f b 000 0 ara d | ||
| 017 | _a2003 / 11491 | ||
| 020 | _a9770186015 | ||
| 040 |
_aEG-ScBUE _bara _erda _cEG-ScBUE _dEG-ScBUE |
||
| 082 | 0 | 4 |
_a297 _bإ ب ر _222 |
| 100 | 1 |
_aإبراشي، محمد عطية، _eمؤلف. _917298 |
|
| 245 | 1 | 0 |
_aعظمة الإسلام. _nالجزء الثاني / _cمحمد عطية الإبراشي. |
| 264 | 1 |
_aالقاهرة : _bالهيئة المصرية العامة للكتاب، _c2003. |
|
| 300 |
_a407 صفحة ؛ _c24 سم. |
||
| 336 |
_2rdacontent _aنص _btxt |
||
| 337 |
_2rdamedia _aبدون وسيط _bn |
||
| 338 |
_2rdacarrier _aمجلد _bnc |
||
| 490 | 0 |
_aمكتبة الأسرة. _aالأعمال الدينية |
|
| 504 | _aيشتمل على إرجاعات ببليوجرافية. | ||
| 541 | _aBook from store. | ||
| 650 | 7 |
_aالإسلام. _2BUEsh _915692 |
|
| 651 | _2BUEsh | ||
| 653 |
_bGGEN _cNovember2022 |
||
| 655 | _vReading book | ||
| 942 | _2ddc | ||
| 999 |
_c30028 _d29999 |
||